Fr. Conceicao Rodrigues College of Engineering

Finite elements Analysis in Engg Design VI C-N0: 41 (Record no. 33860)

MARC details
000 -LEADER
fixed length control field 00339nam a2200133Ia 4500
082 ## - DEWEY DECIMAL CLASSIFICATION NUMBER
Classification number 620.00151
Item number AICTE
100 ## - MAIN ENTRY--PERSONAL NAME
Personal name AICTE
250 ## - EDITION STATEMENT
Edition statement VI
245 ## - TITLE STATEMENT
Title Finite elements Analysis in Engg Design VI C-N0: 41
260 ## - PUBLICATION, DISTRIBUTION, ETC.
Name of publisher, distributor, etc. Continuing Education Programmer AICTE
Place of publication, distribution, etc. Bangalore
Date of publication, distribution, etc. 1989
546 ## - LANGUAGE NOTE
Language note ENGLISH
654 ## - SUBJECT ADDED ENTRY--FACETED TOPICAL TERMS
Focus term finite
942 ## - ADDED ENTRY ELEMENTS (KOHA)
Koha item type BOOK
Holdings
Withdrawn status Lost status Damaged status Not for loan Collection Home library Current library Date acquired Inventory number Total Checkouts Full call number Barcode Date last seen Price effective from Koha item type
        CRC Fr. Agnel's C.Rodrigues College of Engineering Fr. Agnel's C.Rodrigues College of Engineering 17/03/2023 185   620.00151 AICTE 11991 17/03/2023 17/03/2023 BOOK
        CRC Fr. Agnel's C.Rodrigues College of Engineering Fr. Agnel's C.Rodrigues College of Engineering 17/03/2023     620.00151 AICTE 11992 17/03/2023 17/03/2023 BOOK
        CRC Fr. Agnel's C.Rodrigues College of Engineering Fr. Agnel's C.Rodrigues College of Engineering 17/03/2023     620.00151 AICTE 11993 17/03/2023 17/03/2023 BOOK
        CRC Fr. Agnel's C.Rodrigues College of Engineering Fr. Agnel's C.Rodrigues College of Engineering 17/03/2023     620.00151 AICTE 11994 17/03/2023 17/03/2023 BOOK